01102 a2200205 45000010006000000050017000060080041000230030015000640400040000790800022001192450051001410200022001922640033002143000019002475050459002660410008007251000041007337000023007748560099007976051220260407155856.0260407a2017 arg spa dAR-UNSa-BCEJYS aAR-UNSa-BCEJYSbspacAR-UNSa-BCEJYS a657xContabilidad10aTeoría contable. Casos integrales comentados a978-987-03-3211-4 1aBuenos Aires :bLa Leyc2017 a316 p.c24 cm. a1. Los conceptos fundamentales de la contabilidad - 2. La contabilidad patrimonial (financiera) y sus objetivos – 3. Las operaciones, los hechos económicos y las variaciones patrimoniales – 4. Contingencias y hechos posteriores al cierre – 5. Informes contables financieros y de gestión – 6. La contabilidad financiera y los estados contables – 7. La contabilidad de gestión y sus informes – 8. Modelos contables – 9. Normas contables aspa1 aPahlen Acuña, Ricardo Jose María1 aCampo, Ana María41uhttps://www.biblioeco.unsa.edu.ar/pmb/images/libros/L129213.jpgyImagen de portadaqimage/jpeg